<?xml version="1.0" encoding="UTF-8"?>
<collection xmlns="http://www.loc.gov/MARC21/slim">
 <record>
  <leader>02175nam a22002411a 4500</leader>
  <controlfield tag="001">1/24900</controlfield>
  <controlfield tag="008">      s2002    lu     f      00010 gre d</controlfield>
  <datafield tag="022" ind1="0" ind2=" ">
   <subfield code="a">0254-1483</subfield>
  </datafield>
  <datafield tag="022" ind1="0" ind2=" ">
   <subfield code="a">0254-1475</subfield>
  </datafield>
  <datafield tag="028" ind1="3" ind2="1">
   <subfield code="a">KT-CO-02-291-EN-C</subfield>
  </datafield>
  <datafield tag="028" ind1="3" ind2="1">
   <subfield code="a">KT-CO-02-291-GR-C</subfield>
  </datafield>
  <datafield tag="035" ind1=" " ind2=" ">
   <subfield code="l">26685</subfield>
  </datafield>
  <datafield tag="040" ind1=" " ind2=" ">
   <subfield code="a">GR-PeUP</subfield>
  </datafield>
  <datafield tag="084" ind1=" " ind2=" ">
   <subfield code="2">KET</subfield>
   <subfield code="a">COM (2002) 286 τελικό</subfield>
  </datafield>
  <datafield tag="110" ind1="2" ind2=" ">
   <subfield code="a">Επιτροπή των Ευρωπαϊκών Κοινοτήτων.</subfield>
  </datafield>
  <datafield tag="245" ind1="1" ind2="0">
   <subfield code="a">Πρόταση απόφασης του Συμβουλίου σχετικά με τη θέση της Κοινότητας όσον αφορά τον εσωτερικό κανονισμό του Συμβουλίου Σύνδεσης και της Επιτροπής Σύνδεσης που συστάθηκαν με την ευρωμεσογειακή συμφωνία σύνδεσης μεταξύ των Ευρωπαϊκών Κοινοτήτων και των κρατών μελών τους, αφενός και του Χασεμιτικού Βασιλείου της Ιορδανίας, αφετέτου:</subfield>
   <subfield code="b">υποβληθείσα από την Επιτροπή/</subfield>
   <subfield code="c">Επιτροπή των Ευρωπαϊκών Κοινοτήτων</subfield>
  </datafield>
  <datafield tag="246" ind1="1" ind2="0">
   <subfield code="a">Proposal for a Council Decision on a Community Position concerning the Rules of procedure of the Association Council and the Association Committee established by the Euro-Mediterranean Agreement established an Association between the European Communities and their Member States, of the one part, and the Hashemite Kingdom of Jordan, of the other part:</subfield>
   <subfield code="b">presented by the Commission</subfield>
  </datafield>
  <datafield tag="260" ind1="0" ind2=" ">
   <subfield code="a">Βρυξέλλες, Λουξεμβούργο:</subfield>
   <subfield code="b">Υπηρεσία Επισήμων Εκδόσεων των Ευρωπαϊκών Κοινοτήτων,</subfield>
   <subfield code="c">4.6.2002</subfield>
  </datafield>
  <datafield tag="300" ind1=" " ind2=" ">
   <subfield code="a">14 σελ.</subfield>
  </datafield>
  <datafield tag="500" ind1=" " ind2=" ">
   <subfield code="a">Δίγλωσσο</subfield>
  </datafield>
  <datafield tag="852" ind1=" " ind2=" ">
   <subfield code="a">INST</subfield>
   <subfield code="b">UNIPILB</subfield>
   <subfield code="c">KET</subfield>
   <subfield code="e">20050228</subfield>
   <subfield code="h">COM (2002) 286</subfield>
   <subfield code="p">COM (2002) 286</subfield>
   <subfield code="q">COM (2002) 286</subfield>
   <subfield code="t">NOLOAN</subfield>
   <subfield code="y">23</subfield>
   <subfield code="4">1</subfield>
  </datafield>
  <datafield tag="856" ind1="4" ind2="1">
   <subfield code="u">http://eur-lex.europa.eu/LexUriServ/LexUriServ.do?uri=COM:2002:0286:FIN:EL:PDF</subfield>
  </datafield>
  <datafield tag="856" ind1="4" ind2="1">
   <subfield code="u">http://eur-lex.europa.eu/LexUriServ/LexUriServ.do?uri=COM:2002:0286:FIN:EN:PDF</subfield>
  </datafield>
 </record>
</collection>
